Quel nom porte ce symbole ? - Statistiques

Statistiques générales
  • Ce quiz a été pris 100 fois
  • Le résultat moyen est 6 sur 15
Statistiques - réponses
Par images Réponse % Correct
Infini
99%
Ying et Yang
70%
Etoile de David
57%
Femelle
47%
Mâle
47%
Trèfle à 4 feuilles
46%
Symbole de paix
41%
Radioactif
33%
Arbre de vie
26%
Caducée
21%
Pentagramme
21%
Ankh
20%
Ouroboros
11%
Triskèle
10%
Oeil d'Horus
8%
Aucun quiz correspondant
Distribution des résultats
% des personnes avec chaque résultat
Percentile par nombre de réponses
Votre historique - résultats
Vous n’avez pas pris ce quiz